Productive safety management : a strategic, multi-disciplinary management system for hazardous industries that ties safety and production together /
Unlike most books on this subject, Productive Safety Management, described in this book, integrates occupational health and safety, human resource management, environmental management, and engineering to provide a whole-business approach to effective safety management. The book helps companies to re...
| Main Author: | |
|---|---|
| Format: | eBook |
| Language: | English |
| Published: |
Boston, MA :
Butterworth-Heinemann,
2003.
|
| Edition: | 1st ed. |
| Subjects: | |
| Online Access: | Connect to the full text of this electronic book Publisher description Table of contents |
MARC
| Tag | First Indicator | Second Indicator | Subfields |
|---|---|---|---|
| LEADER | 00000cam a2200000Ia 4500 | ||
| 001 | in00002425161 | ||
| 005 | 20190327171600.0 | ||
| 006 | m d | ||
| 007 | cr cn||||||||| | ||
| 008 | 070806s2003 maua sb 001 0 eng d | ||
| 020 | |a 9780750659222 | ||
| 020 | |a 075065922X | ||
| 035 | |a (OCoLC)ocn162590951 | ||
| 035 | |a (OCoLC)162590951 | ||
| 037 | |a 97747:97749 |b Elsevier Science & Technology |n http://www.sciencedirect.com | ||
| 040 | |a OPELS |c OPELS |d UtOrBLW | ||
| 049 | |a TEFA | ||
| 050 | 1 | 4 | |a T55 |b .M585 2003eb |
| 082 | 0 | 4 | |a 363.11 |2 22 |
| 100 | 1 | |a Mol, Tania. | |
| 245 | 1 | 0 | |a Productive safety management : |b a strategic, multi-disciplinary management system for hazardous industries that ties safety and production together / |c Tania Mol. |
| 250 | |a 1st ed. | ||
| 264 | 1 | |a Boston, MA : |b Butterworth-Heinemann, |c 2003. | |
| 300 | |a xxix, 405 pages : |b illustrations ; |c 24 cm. | ||
| 336 | |a text |b txt |2 rdacontent | ||
| 337 | |a computer |b c |2 rdamedia | ||
| 338 | |a online resource |b cr |2 rdacarrier | ||
| 533 | |a Electronic reproduction. |b Amsterdam : |c Elsevier Science & Technology, |d 2007. |n Mode of access: World Wide Web. |n System requirements: Web browser. |n Title from title screen (viewed on Aug. 2, 2007). |n Access may be restricted to users at subscribing institutions. | ||
| 520 | |a Unlike most books on this subject, Productive Safety Management, described in this book, integrates occupational health and safety, human resource management, environmental management, and engineering to provide a whole-business approach to effective safety management. The book helps companies to reduce and manage risk by providing, analysing and improving systems in place within the company. It also looks at how external factors can affect company decision making and provides a tool to make sure that a health and safety management system is strategically aligned, appropriately resourced, and that it maximises employee commitment. Chapters on human resource management explore cultural issues and explain how to gain commitment to company objectives. The book has been written for managers and supervisors working in hazardous industries, OHS practitioners, undergraduate and postgraduate students. * Provides a management system that allows production, safety and quality to be pursued concurrently in hazardous industries * Improves risk management so that the incidence of injury and damage is minimized * Describes, using practical examples, the sources of risk in hazardous industries and how these can be managed. | ||
| 505 | 0 | |a Introduction; The Productive safety management tools; Systems change; Behavioral change; The productive safety management plan; Glossary of terms. | |
| 504 | |a Includes bibliographical references and index. | ||
| 505 | 0 | |a Risk : can it be eliminated? -- Organization decision-making and alignment of management systems -- Processes -- Technology -- Physical environment -- Human resources -- Risk quantification and strategy development -- Management commitment and leadership -- Training : building the organization's capacity -- Behavioral audits -- Formulating the productive safety management plan -- Managing performance using the achievement cycle. | |
| 500 | |a Electronic resource. | ||
| 650 | 0 | |a Industrial safety |x Management. | |
| 650 | 0 | |a Industrial safety |x Planning. | |
| 650 | 0 | |a Risk management. | |
| 650 | 6 | |a Sécurité du travail |x Gestion. | |
| 650 | 6 | |a Sécurité du travail |x Planification. | |
| 650 | 6 | |a Gestion du risque. | |
| 655 | 7 | |a Electronic books. |2 local | |
| 730 | 0 | |a Referex. | |
| 776 | 1 | |c Original |z 075065922X |z 9780750659222 |w (DLC) 2003048189 |w (OCoLC)52058254 | |
| 856 | 4 | 0 | |u http://proxy.library.tamu.edu/login?url=http://www.sciencedirect.com/science/book/9780750659222 |z Connect to the full text of this electronic book |t 0 |
| 856 | 4 | 2 | |3 Publisher description |u http://www.loc.gov/catdir/description/els031/2003048189.html |t 0 |
| 856 | 4 | 2 | |3 Table of contents |u http://www.loc.gov/catdir/toc/els031/2003048189.html |t 0 |
| 994 | |a C0 |b TEF | ||
| 999 | |a MARS | ||
| 999 | f | f | |s edde9b49-83ee-3cac-a15d-68b8930986db |i c165cd0f-39ba-3901-90c8-f3a378162338 |t 0 |
| 952 | f | f | |a Texas A&M University |b College Station |c Electronic Resources |d Available Online |t 0 |e T55 .M585 2003eb |h Library of Congress classification |
| 998 | f | f | |a T55 .M585 2003eb |t 0 |l Available Online |